Matematický model prúdenia v koryte nad haťou VD Kolárovo

Gespeichert in:
Bibliographische Detailangaben
1. Verfasser: Böhmer, Adrian (Verfasst von)
Weitere Verfasser: Rumann, Ján (Betreuung Doktorarbeit)
Format: Manuskript Buch
Sprache:Slowakisch
Veröffentlicht: 2017
Schlagworte:
Online-Zugang:http://is.stuba.sk/zp/portal_zp.pl?podrobnosti=128316
https://opac.crzp.sk/?fn=detailBiblioForm&sid=DF521320909666631479E2F290DD
Tags: Tag hinzufügen
Keine Tags, Fügen Sie das erste Tag hinzu!

MARC

LEADER 00000ntm a22000003a 4500
001 stuzp63817
003 SK-STU
005 20230526114113.9
007 ta
008 150427s2015----xo-----f-mn---000-0-slo-d
040 |a STU  |b slo 
041 0 |a slo 
100 1 |a Böhmer, Adrian  |u 010170  |4 aut  |U SvF Stavebná fakulta  |T SvF Katedra hydrotechniky  |X 65953  |U V170  |Y 17  |7 65953 
242 0 1 |a 2D mathematic model of flow in riverbed above watterwork Kolárovo  |y eng 
245 1 0 |a Matematický model prúdenia v koryte nad haťou VD Kolárovo 
260 |c 2017 
650 4 |a hať  |2 slo 
650 4 |a hydraulika  |2 slo 
650 4 |a vodné dielo  |2 slo 
650 4 |a hydraulic  |2 eng 
650 4 |a hydraulic structure  |2 eng 
650 4 |a weir  |2 eng 
700 1 |a Rumann, Ján  |u 010170  |k Z1  |4 ths  |U SvF Stavebná fakulta  |T SvF Katedra hydrotechniky  |X 38286  |U V170  |Y 17  |7 A000038286 
856 4 |u http://is.stuba.sk/zp/portal_zp.pl?podrobnosti=128316 
856 4 |u https://opac.crzp.sk/?fn=detailBiblioForm&sid=DF521320909666631479E2F290DD